| 000 | 01005nam a2200253 a 4500 | ||
|---|---|---|---|
| 001 | 000045686 | ||
| 003 | DO-SdBNP | ||
| 005 | 20180402075332.0 | ||
| 007 | 000045686 | ||
| 008 | 150427s2011 dr a 000 0 spa d | ||
| 020 | _a9789945878929 | ||
| 040 |
_aBPMET _bspa _cBPMET |
||
| 092 |
_axxxx _bxxxx |
||
| 100 | 1 | _aVíctor, Amy | |
| 245 | 1 | 0 |
_aRecreos divertidos : _bjugar para la convivencia escolar, deporte, juegos y valores / _cAmy Víctor, Berenice Pacheco ; coordinación y edición Analia Rosoli Murillo. |
| 260 |
_aSanto Domingo : _bOrganización de Estados Iberoamericanos para la Educación, la Ciencia y la Cultura, _c2011. |
||
| 300 |
_a32 p. : _bil. ; _c23 cm. |
||
| 700 | 1 | 2 | _aPacheco, Berenice |
| 700 | 1 | 2 |
_aRosoli Murillo, Analia, _ecoord. |
| 710 | 2 | 2 | _aOrganización de Estados Iberoamericanos para la Educación, la Ciencia y la Cultura (OEI), República Dominicana |
| 942 |
_2ddc _cBK |
||
| 945 | _aRemanejado para la BNPHU / 2018 VM | ||
| 956 |
_aVMATEO _b10 _c20150507 _lBPMSU _h00151 |
||
| 999 |
_c7809 _d7809 |
||